| 000 | 00993nam a22003137a 4500 | ||
|---|---|---|---|
| 003 | CHAP | ||
| 005 | 20220329141049.0 | ||
| 008 | 971013s1974 r 00010 d | ||
| 010 | _a62101 | ||
| 011 | _a63073 | ||
| 035 | _a67249 | ||
| 040 | _cCHAP | ||
| 090 | _aTesis | ||
| 100 | 0 | 0 |
_aBarrio Paredes, Rafael Angel. _910509 |
| 245 | _aDaño por radiación Alfa en Cu2O a alta temperatura | ||
| 260 |
_aMéxico, D.F. : _bEl autor, _c1974 |
||
| 300 |
_a94 h. _b: ilus. |
||
| 502 | _aTesis (Físico) -- Universidad Nacional Autónoma de México. Facultad de Ciencias | ||
| 590 |
_aALEPH _b10 _c20130110 _lUCH01 _h1345 |
||
| 590 |
_aBATCH-UPD _b10 _c20130110 _lUCH01 _h0800 |
||
| 590 |
_aBATCH-UPD _b10 _c20130410 _lUCH01 _h0439 |
||
| 590 |
_aBATCH-UPD _b10 _c20130914 _lUCH01 _h0542 |
||
| 590 |
_aCONVERSION _b10 _c20130109 _lUCH01 _h1333 |
||
| 650 | 1 | 4 |
_aPartículas. _985821 |
| 650 | 1 | 4 |
_aRadiación. _993664 |
| 901 | _aBK | ||
| 942 | _cTESIS | ||
| 949 |
_bBC _cTES _d-152481 _eTS1 _h30978 _i67249 _si |
||
| 999 |
_c62101 _d62101 |
||